| 000 | 00336nam a2200133Ia 4500 | ||
|---|---|---|---|
| 008 | 191201s2009 xx 000 0 und d | ||
| 082 |
_a658.3 _bSUP |
||
| 100 | _aSUBBARAO, P | ||
| 245 | 0 | _aPersonnel and Human Resource Management | |
| 260 |
_aN. Delhi _bHimalaya Publication House _c2009 |
||
| 300 | _a476 | ||
| 650 | _aBBA | ||
| 942 |
_2ddc _cBK |
||
| 999 |
_c55 _d55 |
||